| 000 | 00510nam a2200193Ia 4500 | ||
|---|---|---|---|
| 005 | 20250425162813.0 | ||
| 008 | 250425s9999 xx 000 0 und d | ||
| 020 | _a9780134320533 | ||
| 041 |
_z _heng |
||
| 082 |
_a624.18 _pMAM |
||
| 100 | _aMamlouk, Michael S. | ||
| 245 | 0 |
_aMaterials For Civil And Construction Engineers _cMichael S. Mamlouk |
|
| 260 |
_aNew Jersey _bPERSON _c2017 |
||
| 300 |
_a650 _c25 cm |
||
| 650 | _amateriales | ||
| 700 | _aZaniewski, Jhon P. | ||
| 942 | _c01 | ||
| 010 | _a109313 | ||
| 999 |
_c236759 _d236759 |
||